00944nam a2200193 a 4500001001000000005001700010008004100027020001600068050002000084245001600104260002500120300002400145500012000169500016400289500017700453650004600630650003400676650004000710BRCA_205220190320203641.0050808s1981----mx-a---###---#000-0#spa-# a96858001210 4aR465b.A77 198110aArs Medica. aMéxicobUNAMc1981 a201 p.bil.c25 cm. aIncluye una colección de grabados medicos del Museo de Arte de Philadelfia donada por ´Smith Kline Corporation´ aConsta de 135 grabados relacionados con la historia de la medicina que describen los aspectos esenciales de la iconografía médica durante seis siglos XV-XX aCatálogo de la exposición realizada en el Museo de Historia de la Medicina Mexicana (Ex-Escuela de Medicina) (Ciudad de México), 22 diciembre, 1980 - 28 febrero, 198114aMedicinavGrabadosxHistoriaySiglo XV-XX14aGrabados medicosvCatálogos14aIconografía médicaySiglo XV-XX